<?xml version="1.0" encoding="UTF-8"?><?xml-stylesheet type="text/xsl" href="static/style.xsl"?><OAI-PMH xmlns="http://www.openarchives.org/OAI/2.0/" xmlns:xsi="http://www.w3.org/2001/XMLSchema-instance" xsi:schemaLocation="http://www.openarchives.org/OAI/2.0/ http://www.openarchives.org/OAI/2.0/OAI-PMH.xsd"><responseDate>2026-06-01T18:12:35Z</responseDate><request verb="GetRecord" identifier="oai:riuma.uma.es:10630/2568" metadataPrefix="marc">https://riuma.uma.es/rest/oai/request</request><GetRecord><record><header><identifier>oai:riuma.uma.es:10630/2568</identifier><datestamp>2026-02-03T12:42:18Z</datestamp><setSpec>com_10630_2254</setSpec><setSpec>col_10630_37957</setSpec></header><metadata><record xmlns="http://www.loc.gov/MARC21/slim" xmlns:dcterms="http://purl.org/dc/terms/" xmlns:doc="http://www.lyncode.com/xoai" xmlns:xsi="http://www.w3.org/2001/XMLSchema-instance" xsi:schemaLocation="http://www.loc.gov/MARC21/slim http://www.loc.gov/standards/marcxml/schema/MARC21slim.xsd">
   <leader>00925njm 22002777a 4500</leader>
   <datafield ind2=" " ind1=" " tag="042">
      <subfield code="a">dc</subfield>
   </datafield>
   <datafield ind2=" " ind1=" " tag="720">
      <subfield code="a">Martín-Armario, Julia</subfield>
      <subfield code="e">author</subfield>
   </datafield>
   <datafield ind2=" " ind1=" " tag="260">
      <subfield code="c">2003</subfield>
   </datafield>
   <datafield ind2=" " ind1=" " tag="520">
      <subfield code="a">En los comienzos de este nuevo siglo el imparable fenómeno de la globalización sitúa la competitividad internacional como de uno de los factores de mayor prioridad para la empresa. La internacionalización se configura entonces como un hecho fundamental, aunque ello supone para la organización afrontar un reto considerable, pues ha de situarse en un entorno altamente competitivo en que deberá perseguir constantemente la obtención de una ventaja competitiva que le permita mantenerse en el mismo. Esto nos llevó a pensar en la aplicación de un enfoque de gestión que se muestra como el más adecuado para actuar en entornos turbulentos y altamente competitivos: la orientación al mercado. El objetivo de la investigación es establecer un modelo en el que se relacione la orientación al mercado del a empresa con el proceso de internacionalización de la misma y los resultados obtenidos en mercados exteriores. La investigación empírica realizada, en PYMES andaluzas, ha validado el modelo propuesto.</subfield>
   </datafield>
   <datafield ind1="8" ind2=" " tag="024">
      <subfield code="a">8468863211</subfield>
   </datafield>
   <datafield ind1="8" ind2=" " tag="024">
      <subfield code="a">http://hdl.handle.net/10630/2568</subfield>
   </datafield>
   <datafield tag="653" ind2=" " ind1=" ">
      <subfield code="a">Empresas - Gestión - Tesis doctorales</subfield>
   </datafield>
   <datafield tag="653" ind2=" " ind1=" ">
      <subfield code="a">Marketing - Tesis doctorales</subfield>
   </datafield>
   <datafield ind2="0" ind1="0" tag="245">
      <subfield code="a">Orientación al mercado y proceso de internacionalización de empresas</subfield>
   </datafield>
</record>
</metadata></record></GetRecord></OAI-PMH>